00503 a2200181 450000100060000002000150000604000240002110000380004524000290008324500240011230000070013636200090014344000130015265000310016594200070019695201010020399900170030469644 a8526237411 cAnchieta - Itaigara aAndrade, Telma Guimaràƒes Castro10aO Natal do avarentolpor10aO Natal do avarento a870 a2000 1aScipione 4aLiteratura infanto-juvenil cBK 00104070a88.1b88.1d2023-11-21l0o028.5 NATp2185/ITAr2023-11-21 20:04:17w2023-11-21yBK c69644d69644